000 00575nam a2200229Ia 4500
003 OSt
005 20220918201921.0
006 a|||||r|||| 00| 0
007 ta
008 220917b |||||||| |||| 00| 0 eng d
024 _a97,461
037 _cTextual
040 _aARTS
_cARTS
_beng
041 _2eng
_aeng
082 _aV2:1:M5, J41
100 _aSharma S R
_951390
245 0 _aCrescent in India
_b a study in medieval hisotory
260 _c1954
650 _aHISTORY
942 _hV2:1:M5, J41
_cTEXL
_2CC
999 _c221056
_d221056